00407 a2200145 450000100060000002000180000604000220002410000300004624000200007624500150009630000080011136200090011944000180012865001150014662856 a9788506058589 cAnchieta - Pituba aPolito, André Guilherme10aMichaellislita10aMichaellis a7660 a2009 1aMelhoramentos 4aEnciclopédias gerais (almanaques, anuários enciclopédicos e obras de carácter geral sobre curiosidades